[Event "Scarborough CC Spring Swiss"]
[Site "Toronto CAN"]
[Date "2007.04.12"]
[Round "5"]
[White "Farrant, David"]
[Black "Moran, Mario"]
[Result "0-1"]
[WhiteElo "1521"]
[BlackElo "1751"]
[PlyCount "72"]
[GameId "2160767910709904"]
[EventDate "2007.03.15"]
[EventType "swiss"]
[EventRounds "8"]
[EventCountry "CAN"]
[SourceTitle "EXT 2022"]
[Source "ChessBase"]
[SourceDate "2021.10.06"]
[SourceVersion "1"]
[SourceVersionDate "2021.10.06"]
[SourceQuality "1"]

1. e4 c6 2. d4 d5 3. Nc3 dxe4 4. Nxe4 Bf5 5. Ng3 Bg6 6. h4 h6 7. h5 Bh7 8. Nf3 Nd7 9. Bc4 e6 10. Qe2 Qc7 11. Bd2 Ngf6 12. O-O-O O-O-O 13. Be3 Bd6 14. Nf1 Nb6 15. Bd3 Bxd3 16. Rxd3 Nfd5 17. Bd2 Nf4 18. Bxf4 Bxf4+ 19. Kb1 Rd5 20. N1d2 Rb5 21. Nb3 Rd8 22. Nc5 Nd7 23. Rhd1 Nxc5 24. dxc5 Rxd3 25. Qxd3 Rxc5 26. Qa3 Qa5 27. Qd3 Rd5 28. Qe2 Rxd1+ 29. Qxd1 Qxh5 30. g3 Bc7 31. a3 Bb6 32. Qe2 Qf5 33. Ne5 Bc7 34. Nxc6 bxc6 35. Qa6+ Kb8 36. b4 Qb5 0-1

[Event "Scarborough CC Spring Swiss"]
[Site "Toronto CAN"]
[Date "2007.04.12"]
[Round "5"]
[White "Farrant-Diaz, Nathan"]
[Black "Samaroo, Muneshwar"]
[Result "0-1"]
[WhiteElo "1318"]
[BlackElo "1513"]
[PlyCount "92"]
[GameId "2160767910709905"]
[EventDate "2007.03.15"]
[EventType "swiss"]
[EventRounds "8"]
[EventCountry "CAN"]
[SourceTitle "EXT 2022"]
[Source "ChessBase"]
[SourceDate "2021.10.06"]
[SourceVersion "1"]
[SourceVersionDate "2021.10.06"]
[SourceQuality "1"]

1. e4 c5 2. Nf3 Nc6 3. d4 cxd4 4. Nxd4 d6 5. Bb5 Bd7 6. O-O Nf6 7. Nc3 g6 8. Bg5 Bg7 9. Re1 O-O 10. Qd2 Nxd4 11. Qxd4 Ne8 12. Qe3 Bxc3 13. Qxc3 Rc8 14. Qb3 Be6 15. Qa4 Nc7 16. Bh6 Nxb5 17. Qxb5 Re8 18. Qd3 Qc7 19. Qd4 f6 20. Kh1 Qxc2 21. f4 Rc4 22. Qxa7 Rxe4 23. Qxb7 Rxe1+ 24. Rxe1 Kf7 25. Qb5 Qd2 26. Rg1 f5 27. a4 Rc8 28. a5 Rc1 29. a6 Bd5 30. Qxd5+ Qxd5 31. Rxc1 Qd2 32. Rg1 Qxb2 33. a7 Qa2 34. Re1 Qxa7 35. Bg5 e6 36. Rd1 d5 37. Bh4 h6 38. Be1 Qa4 39. Rc1 Qxf4 40. Bd2 Qh4 41. Rc7+ Kf6 42. Bc3+ d4 43. g3 Qe4+ 44. Kg1 Qe3+ 45. Kf1 dxc3 46. Kg2 Qd2+ 0-1

[Event "Scarborough CC Spring Swiss"]
[Site "Toronto CAN"]
[Date "2007.04.12"]
[Round "5"]
[White "Garel, Rick"]
[Black "Aniag, Danilo"]
[Result "0-1"]
[WhiteElo "1954"]
[BlackElo "1956"]
[PlyCount "96"]
[GameId "2160767910709906"]
[EventDate "2007.03.15"]
[EventType "swiss"]
[EventRounds "8"]
[EventCountry "CAN"]
[SourceTitle "EXT 2022"]
[Source "ChessBase"]
[SourceDate "2021.10.06"]
[SourceVersion "1"]
[SourceVersionDate "2021.10.06"]
[SourceQuality "1"]

1. c4 e5 2. Nc3 Nf6 3. g3 Bb4 4. Bg2 O-O 5. Nf3 Nc6 6. O-O h6 7. Qc2 Re8 8. d3 Bf8 9. a3 d6 10. b4 Bg4 11. Be3 Qd7 12. b5 Ne7 13. Ne4 Nh7 14. a4 Bh3 15. d4 Bxg2 16. Kxg2 f5 17. Nc3 e4 18. Nd2 Nf6 19. f3 exf3+ 20. Rxf3 g6 21. Raf1 Bg7 22. h3 Rf8 23. Bg1 d5 24. c5 Ne4 25. e3 a6 26. Ndxe4 dxe4 27. Qb3+ Kh7 28. R3f2 axb5 29. axb5 Ra5 30. Ra2 Rfa8 31. Rxa5 Rxa5 32. Qb4 Ra8 33. Qb3 b6 34. cxb6 cxb6 35. Na4 Nd5 36. Rc1 Ra5 37. Rc6 Qf7 38. Kh2 f4 39. gxf4 Bxd4 40. exd4 Qxf4+ 41. Qg3 Qxg3+ 42. Kxg3 Rxa4 43. Rd6 Ra3+ 44. Kh2 Nf4 45. Rxb6 Ra2+ 46. Kg3 Ne2+ 47. Kf2 Nf4+ 48. Ke3 Nd5+ 0-1

[Event "Scarborough CC Spring Swiss"]
[Site "Toronto CAN"]
[Date "2007.04.12"]
[Round "5"]
[White "Hall, John2"]
[Black "Bellomo, Joe"]
[Result "1-0"]
[WhiteElo "2067"]
[BlackElo "1778"]
[PlyCount "65"]
[GameId "2160767910709907"]
[EventDate "2007.03.15"]
[EventType "swiss"]
[EventRounds "8"]
[EventCountry "CAN"]
[SourceTitle "EXT 2022"]
[Source "ChessBase"]
[SourceDate "2021.10.06"]
[SourceVersion "1"]
[SourceVersionDate "2021.10.06"]
[SourceQuality "1"]

1. d4 d5 2. c4 e6 3. Nc3 Nf6 4. cxd5 exd5 5. Bg5 Be7 6. e3 O-O 7. Qc2 c6 8. Bd3 Nbd7 9. Nge2 h6 10. Bf4 Nh5 11. O-O-O Nxf4 12. Nxf4 Nf6 13. h3 b5 14. g4 b4 15. Na4 Bb7 16. Kb1 Re8 17. h4 Nxg4 18. Rdg1 Nf6 19. Rg2 Ne4 20. Rhg1 Bf8 21. Nh5 g6 22. f3 Qxh4 23. Rh2 Qe7 24. fxe4 Bg7 25. Nxg7 Kxg7 26. e5 Rh8 27. Bxg6 Kf8 28. Bh5 Bc8 29. Rf2 Be6 30. Nc5 Rg8 31. Nxe6+ Qxe6 32. Rxg8+ Kxg8 33. Bxf7+ 1-0

[Event "Scarborough CC Spring Swiss"]
[Site "Toronto CAN"]
[Date "2007.04.12"]
[Round "5"]
[White "Lung, Patrick"]
[Black "Sherman, Joshua"]
[Result "1/2-1/2"]
[WhiteElo "1535"]
[BlackElo "1700"]
[PlyCount "89"]
[GameId "2160767910709908"]
[EventDate "2007.03.15"]
[EventType "swiss"]
[EventRounds "8"]
[EventCountry "CAN"]
[SourceTitle "EXT 2022"]
[Source "ChessBase"]
[SourceDate "2021.10.06"]
[SourceVersion "1"]
[SourceVersionDate "2021.10.06"]
[SourceQuality "1"]

1. e4 c6 2. d4 d5 3. Nc3 dxe4 4. Nxe4 Bf5 5. Ng3 Bg6 6. Nf3 Nf6 7. Bc4 e6 8. Ne5 Nbd7 9. Nxg6 hxg6 10. a3 Bd6 11. Qf3 Qc7 12. Ne2 O-O-O 13. h3 Rde8 14. Bd2 e5 15. Bxf7 Re7 16. Bxg6 Rf8 17. Bf5 e4 18. Qb3 Nd5 19. Bxd7+ Qxd7 20. O-O-O Rxf2 21. Nc3 e3 22. Nxd5 exd2+ 23. Rxd2 Ree2 24. Rxe2 Rxe2 25. Qf3 Qe6 26. Nc3 Re3 27. Qf2 Qe7 28. Nb1 Bf4 29. Kd1 Bg3 30. Qd2 Bf4 31. Qb4 Bd6 32. Qa5 Bg3 33. a4 Qe4 34. Rf1 Qxd4+ 35. Qd2 Qc5 36. Nc3 Qd6 37. Qxd6 Bxd6 38. Rf3 Re7 39. Ne2 Re4 40. b3 Re6 41. Rf7 Rg6 42. Nf4 Bxf4 43. Rxf4 Rxg2 44. Rg4 Rxg4 45. hxg4 1/2-1/2

[Event "Scarborough CC Spring Swiss"]
[Site "Toronto CAN"]
[Date "2007.04.12"]
[Round "5"]
[White "Lung, Stephen"]
[Black "Rapoport, Alexander"]
[Result "0-1"]
[WhiteElo "1606"]
[BlackElo "1958"]
[PlyCount "88"]
[GameId "2160767910709909"]
[EventDate "2007.03.15"]
[EventType "swiss"]
[EventRounds "8"]
[EventCountry "CAN"]

1. e4 c5 2. Nf3 e6 3. d4 cxd4 4. Nxd4 Nf6 5. Bd3 Nc6 6. c3 Qb6 7. Nb3 Be7 8. Be3 Qc7 9. N1d2 a6 10. Nf3 d5 11. exd5 Nxd5 12. Bd2 Bd7 13. Nbd4 Bf6 14. Nxc6 Bxc6 15. g3 O-O-O 16. Rg1 Qb6 17. Qc2 Kb8 18. Be2 h5 19. h4 Ka8 20. Ng5 Rd7 21. Nh3 g6 22. O-O-O Rc7 23. Rgf1 Rhc8 24. Nf4 Nb4 25. Qb3 e5 26. Be3 Qa5 27. cxb4 Bd5+ 28. Kb1 Bxb3 29. bxa5 Bc2+ 30. Ka1 Bxd1 31. Rxd1 exf4 32. Bxf4 Rc2 33. Bd3 Rxb2 34. a4 Rd2+ 35. Kb1 Rxd1+ 36. Ka2 Rxd3 37. Be3 Rc2+ 38. Kb1 Rb2+ 39. Kc1 Ra3 40. Kd1 Ra1+ 41. Bc1 Rxf2 42. Ke1 Rg2 43. Kf1 Rc2 44. Ke1 Raxc1# 0-1

[Event "Scarborough CC Spring Swiss"]
[Site "Toronto CAN"]
[Date "2007.04.12"]
[Round "5"]
[White "Mesiti, Silvano"]
[Black "Muir, Tom"]
[Result "1/2-1/2"]
[WhiteElo "1778"]
[BlackElo "1594"]
[PlyCount "103"]
[GameId "2160767910709910"]
[EventDate "2007.03.15"]
[EventType "swiss"]
[EventRounds "8"]
[EventCountry "CAN"]
[SourceTitle "EXT 2022"]
[Source "ChessBase"]
[SourceDate "2021.10.06"]
[SourceVersion "1"]
[SourceVersionDate "2021.10.06"]
[SourceQuality "1"]

1. e4 c6 2. Nf3 d5 3. exd5 cxd5 4. d4 Bf5 5. Bd3 Bxd3 6. Qxd3 e6 7. Ne5 Qb6 8. O-O Nc6 9. Nxc6 bxc6 10. b3 Nf6 11. Nc3 Bd6 12. Na4 Qc7 13. h3 O-O 14. Bd2 Ne4 15. Nc3 Nxd2 16. Qxd2 Qa5 17. Qd3 e5 18. Na4 e4 19. Qd1 f5 20. c3 f4 21. b4 Qd8 22. Nc5 Bxc5 23. bxc5 Qh4 24. Qg4 Qxg4 25. hxg4 f3 26. Kh2 fxg2 27. Kxg2 Rf3 28. Rac1 Rd3 29. Rfe1 Rf8 30. Re3 Rd2 31. Rf1 Rxa2 32. Ree1 Rc2 33. Rc1 Rfxf2+ 34. Rxf2 Rxc1 35. Ra2 Rxc3 36. Rxa7 Rc4 37. Rc7 Rxd4 38. Rxc6 Rc4 39. Rc7 g5 40. Kf2 d4 41. c6 h6 42. Ke2 Kf8 43. Rc8+ Ke7 44. c7 Kd7 45. Rh8 Rc6 46. Rd8+ Kxc7 47. Rxd4 Re6 48. Ke3 h5 49. gxh5 Rh6 50. Kxe4 Rxh5 51. Ke5 Kc6 52. Rg4 1/2-1/2

[Event "Scarborough CC Spring Swiss"]
[Site "Toronto CAN"]
[Date "2007.04.12"]
[Round "5"]
[White "Paterson, Jim"]
[Black "Chuderski, Jan"]
[Result "1-0"]
[WhiteElo "1916"]
[BlackElo "1527"]
[PlyCount "113"]
[GameId "2160767910709911"]
[EventDate "2007.03.15"]
[EventType "swiss"]
[EventRounds "8"]
[EventCountry "CAN"]
[SourceTitle "EXT 2022"]
[Source "ChessBase"]
[SourceDate "2021.10.06"]
[SourceVersion "1"]
[SourceVersionDate "2021.10.06"]
[SourceQuality "1"]

1. d4 d5 2. c4 c6 3. e3 Nf6 4. Nc3 e6 5. Nf3 a6 6. Bd2 Be7 7. b3 h6 8. Bd3 Nbd7 9. Qc2 Qc7 10. cxd5 Nxd5 11. a3 N7f6 12. Ne5 O-O 13. O-O Bd6 14. f4 Nxc3 15. Bxc3 Nd5 16. Bd2 Bxe5 17. fxe5 Qd8 18. Rf3 a5 19. Raf1 Qe7 20. Bc1 Bd7 21. Rg3 f6 22. e4 Kh8 23. exd5 cxd5 24. Qc7 f5 25. Bb5 Rfd8 26. Bxd7 Qxd7 27. Qxd7 Rxd7 28. Rg6 Re8 29. g4 Kh7 30. gxf5 exf5 31. Rb6 g6 32. Bd2 a4 33. bxa4 Rc8 34. Rc1 Rxc1+ 35. Bxc1 g5 36. Bd2 Rc7 37. Bb4 h5 38. Bc5 h4 39. Rd6 Kg7 40. a5 f4 41. Rxd5 g4 42. e6 Kg6 43. e7 Rxe7 44. Bxe7 h3 45. Bh4 Kh6 46. Rg5 g3 47. hxg3 fxg3 48. Rxg3 Kh5 49. Bf6 h2+ 50. Kxh2 Kh6 51. Kh3 Kh5 52. Be5 Kh6 53. Kh4 Kh7 54. Kg5 Kg8 55. Kf6+ Kh7 56. Rh3+ Kg8 57. Ke6 1-0

[Event "Scarborough CC Spring Swiss"]
[Site "Toronto CAN"]
[Date "2007.04.12"]
[Round "5"]
[White "Rutherdale, William"]
[Black "Karpik, Steve"]
[Result "1/2-1/2"]
[WhiteElo "1915"]
[BlackElo "1600"]
[PlyCount "104"]
[GameId "2160767910709912"]
[EventDate "2007.03.15"]
[EventType "swiss"]
[EventRounds "8"]
[EventCountry "CAN"]
[SourceTitle "EXT 2022"]
[Source "ChessBase"]
[SourceDate "2021.10.06"]
[SourceVersion "1"]
[SourceVersionDate "2021.10.06"]
[SourceQuality "1"]

1. d4 Nf6 2. c4 g6 3. Nf3 Bg7 4. Nc3 d6 5. g3 Nbd7 6. Bg2 c5 7. d5 Nb6 8. Qd3 Bd7 9. O-O Qc8 10. Re1 O-O 11. Bg5 Re8 12. Rac1 Ng4 13. b3 Ne5 14. Nxe5 Bxe5 15. e4 a6 16. Ne2 Bh3 17. Bh1 f5 18. Nf4 fxe4 19. Bxe4 Bg4 20. Nxg6 hxg6 21. Bxg6 Rf8 22. Bh7+ Kh8 23. Bxe7 Bf5 24. Bxf5 Qxf5 25. Qe3 Rf7 26. Bh4 Raf8 27. Re2 Bd4 28. Qh6+ Rh7 29. Qe6 Bxf2+ 30. Kg2 Qf3+ 31. Kh3 Qf5+ 32. Qxf5 Rxf5 33. Rf1 Rhf7 34. Kg2 Bd4 35. Rxf5 Rxf5 36. Re6 Be5 37. Re7 Bd4 38. Rxb7 Rf2+ 39. Kh3 Nxc4 40. bxc4 Rxa2 41. Rb6 Be5 42. Be7 a5 43. Bxd6 Bxd6 44. Rxd6 a4 45. Ra6 a3 46. d6 Ra1 47. d7 Rd1 48. Ra8+ Kg7 49. d8=Q Rxd8 50. Rxd8 Kf7 51. Ra8 Kf6 52. Rxa3 Ke5 1/2-1/2

[Event "Scarborough CC Spring Swiss"]
[Site "Toronto CAN"]
[Date "2007.04.12"]
[Round "5"]
[White "Tursman, Richard"]
[Black "Philip, Andrew"]
[Result "0-1"]
[WhiteElo "1498"]
[BlackElo "1694"]
[PlyCount "52"]
[GameId "2160767910709913"]
[EventDate "2007.03.15"]
[EventType "swiss"]
[EventRounds "8"]
[EventCountry "CAN"]
[SourceTitle "EXT 2022"]
[Source "ChessBase"]
[SourceDate "2021.10.06"]
[SourceVersion "1"]
[SourceVersionDate "2021.10.06"]
[SourceQuality "1"]

1. e4 Nc6 2. Nc3 e6 3. g3 Bb4 4. Bg2 Nf6 5. Nge2 O-O 6. a3 Ba5 7. Na4 d6 8. b4 Bb6 9. Nxb6 axb6 10. Bb2 e5 11. h3 Be6 12. O-O Qd7 13. Kh2 Ne8 14. f4 f5 15. d3 b5 16. Qd2 g6 17. Ng1 Nf6 18. Rf2 fxe4 19. fxe5 Nxe5 20. Bxe5 dxe5 21. dxe4 Rad8 22. Qg5 Ng4+ 23. hxg4 Rxf2 24. Qxe5 Bxg4 25. Kh1 Qd2 26. Qd5+ Rxd5 0-1

[Event "Scarborough CC Spring Swiss"]
[Site "Toronto CAN"]
[Date "2007.04.12"]
[Round "5"]
[White "Villalobos, Oscar"]
[Black "Armstrong, Robert J"]
[Result "0-1"]
[WhiteElo "1528"]
[BlackElo "1740"]
[PlyCount "84"]
[GameId "2160767910709914"]
[EventDate "2007.03.15"]
[EventType "swiss"]
[EventRounds "8"]
[EventCountry "CAN"]
[SourceTitle "EXT 2022"]
[Source "ChessBase"]
[SourceDate "2021.10.06"]
[SourceVersion "1"]
[SourceVersionDate "2021.10.06"]
[SourceQuality "1"]

1. e4 g6 2. g3 Bg7 3. Bg2 d6 4. d3 Nf6 5. Nc3 O-O 6. Nge2 e5 7. O-O Nc6 8. h3 Ne7 9. Be3 c6 10. g4 d5 11. exd5 cxd5 12. g5 Nh5 13. Bc5 Re8 14. Qd2 Be6 15. f4 Qd7 16. Rf3 b6 17. Bf2 Rad8 18. fxe5 Bxe5 19. Bd4 Bxd4+ 20. Nxd4 Nf5 21. Nxf5 Bxf5 22. Re1 Rxe1+ 23. Qxe1 d4 24. Ne4 Re8 25. Qh4 Bxe4 26. dxe4 Qe6 27. Ra3 a5 28. Bf3 Qc4 29. Bd1 Re5 30. Rd3 Qc5 31. Kg2 Rxg5+ 32. Kh1 Qe5 33. Rxd4 Ng3+ 34. Kg2 Ne2+ 35. Kf2 Qxd4+ 36. Kxe2 Rg1 37. a3 Qxd1+ 38. Ke3 Qc1+ 39. Kf3 g5 40. Qf2 Qf4+ 41. Ke2 Qxe4+ 42. Kd2 Rg2 0-1

[Event "Scarborough CC Spring Swiss"]
[Site "Toronto CAN"]
[Date "2007.04.19"]
[Round "6"]
[White "Aniag, Danilo"]
[Black "Lamb, Bryan"]
[Result "0-1"]
[WhiteElo "1956"]
[BlackElo "2203"]
[PlyCount "116"]
[GameId "2160767910709917"]
[EventDate "2007.03.15"]
[EventType "swiss"]
[EventRounds "8"]
[EventCountry "CAN"]
[SourceTitle "EXT 2022"]
[Source "ChessBase"]
[SourceDate "2021.10.06"]
[SourceVersion "1"]
[SourceVersionDate "2021.10.06"]
[SourceQuality "1"]

1. d4 Nf6 2. c4 g6 3. g3 Bg7 4. Bg2 d6 5. Nc3 O-O 6. Nf3 Nbd7 7. O-O c6 8. b3 Re8 9. Qc2 e5 10. Rd1 Qe7 11. dxe5 dxe5 12. a4 Nc5 13. e4 Qc7 14. Ba3 Nfd7 15. b4 Ne6 16. Ne2 c5 17. bxc5 Ndxc5 18. Nc3 Bd7 19. Bb4 Nd4 20. Qa2 Bg4 21. Nxd4 exd4 22. Nd5 Qd6 23. Qa3 Rac8 24. f3 Be6 25. Rab1 b6 26. a5 f5 27. axb6 axb6 28. Bxc5 bxc5 29. Rb6 Qd8 30. Rb5 fxe4 31. fxe4 Bxd5 32. exd5 Re3 33. Qa7 Qe8 34. Rf1 Re1 35. Rb1 Rxb1 36. Rxb1 Qe3+ 37. Kh1 d3 38. Qa3 Qe2 39. Bf1 Qe4+ 40. Bg2 Qxc4 41. Rd1 Re8 42. h3 Bc3 43. d6 Qd4 44. Qa6 d2 45. Rf1 d1=Q 46. d7 Qxf1+ 47. Bxf1 Qxd7 48. Qc4+ Qf7 49. Kh2 Qxc4 50. Bxc4+ Kg7 51. Kg2 Re3 52. g4 Be5 53. Kf2 Rxh3 54. Bf1 Bd4+ 55. Kg2 Re3 56. Bc4 Kf6 57. Kf1 Rg3 58. Ke2 Rxg4 0-1

[Event "Scarborough CC Spring Swiss"]
[Site "Toronto CAN"]
[Date "2007.04.19"]
[Round "6"]
[White "Armstrong, Robert J"]
[Black "Hall, John2"]
[Result "0-1"]
[WhiteElo "1740"]
[BlackElo "2067"]
[PlyCount "31"]
[GameId "2160767910709918"]
[EventDate "2007.03.15"]
[EventType "swiss"]
[EventRounds "8"]
[EventCountry "CAN"]
[SourceTitle "EXT 2022"]
[Source "ChessBase"]
[SourceDate "2021.10.06"]
[SourceVersion "1"]
[SourceVersionDate "2021.10.06"]
[SourceQuality "1"]

1. d4 Nf6 2. c4 c5 3. d5 e5 4. Nc3 d6 5. e4 Be7 6. h3 Nbd7 7. Bd3 O-O 8. Nge2 Ne8 9. O-O Bg5 10. f4 exf4 11. Bxf4 Bxf4 12. Nxf4 Ne5 13. Qe2 Nf6 14. Rf2 g5 15. Nh5 Nxh5 16. Raf1 0-1

[Event "Scarborough CC Spring Swiss"]
[Site "Toronto CAN"]
[Date "2007.04.19"]
[Round "6"]
[White "Bellomo, Joe"]
[Black "Rapoport, Alexander"]
[Result "0-1"]
[WhiteElo "1778"]
[BlackElo "1958"]
[PlyCount "60"]
[GameId "2160767910709919"]
[EventDate "2007.03.15"]
[EventType "swiss"]
[EventRounds "8"]
[EventCountry "CAN"]

1. e4 c5 2. Nf3 e6 3. d4 cxd4 4. Nxd4 a6 5. Be2 Qc7 6. O-O Nf6 7. Nc3 d6 8. Be3 Bd7 9. f4 Nc6 10. Nxc6 Bxc6 11. Bf3 O-O-O 12. Qd4 d5 13. e5 Nd7 14. b4 Be7 15. a3 f6 16. Bg4 f5 17. Be2 g5 18. fxg5 Qxe5 19. Qxe5 Nxe5 20. Bd4 Bd6 21. b5 axb5 22. Nxb5 Bxb5 23. Bxb5 Rhg8 24. Rfe1 Nf7 25. Bf6 Nxg5 26. Bxg5 Rxg5 27. Rxe6 Bc5+ 28. Kh1 Rdg8 29. Bf1 f4 30. Rf6 Bd4 0-1

[Event "Scarborough CC Spring Swiss"]
[Site "Toronto CAN"]
[Date "2007.04.19"]
[Round "6"]
[White "Buchan, Rick"]
[Black "Rutherdale, William"]
[Result "0-1"]
[WhiteElo "1915"]
[BlackElo "1698"]
[PlyCount "82"]
[GameId "2160767910709921"]
[EventDate "2007.03.15"]
[EventType "swiss"]
[EventRounds "8"]
[EventCountry "CAN"]
[SourceTitle "EXT 2022"]
[Source "ChessBase"]
[SourceDate "2021.10.06"]
[SourceVersion "1"]
[SourceVersionDate "2021.10.06"]
[SourceQuality "1"]

1. e4 d6 2. Nc3 c5 3. Bb5+ Bd7 4. Bxd7+ Qxd7 5. Nf3 Nf6 6. O-O g6 7. e5 dxe5 8. Nxe5 Qc7 9. d4 cxd4 10. Qxd4 Nc6 11. Nxc6 Qxc6 12. Bg5 Bg7 13. Rfe1 O-O 14. Rxe7 a6 15. Qh4 Nd5 16. Nxd5 Qxd5 17. Bf6 Rad8 18. h3 Rd6 19. Bxg7 Kxg7 20. Qb4 b5 21. a4 bxa4 22. Rxa4 Qd1+ 23. Kh2 Qxc2 24. Qxd6 Qxa4 25. Qe5+ Kg8 26. f3 Qc6 27. Rc7 Qb6 28. Re7 Qb8 29. Kg3 Qxe5+ 30. Rxe5 Rb8 31. Re2 Kg7 32. Kf4 Kf6 33. g4 Rb4+ 34. Kg3 a5 35. h4 h6 36. f4 Rb3+ 37. Kg2 a4 38. Rc2 h5 39. g5+ Kf5 40. Rf2 Kg4 41. Kf1 Rf3 0-1

[Event "Scarborough CC Spring Swiss"]
[Site "Toronto CAN"]
[Date "2007.04.19"]
[Round "6"]
[White "Moran, Mario"]
[Black "Chuderski, Jan"]
[Result "1-0"]
[WhiteElo "1751"]
[BlackElo "1527"]
[PlyCount "95"]
[GameId "2160767910709923"]
[EventDate "2007.03.15"]
[EventType "swiss"]
[EventRounds "8"]
[EventCountry "CAN"]
[SourceTitle "EXT 2022"]
[Source "ChessBase"]
[SourceDate "2021.10.06"]
[SourceVersion "1"]
[SourceVersionDate "2021.10.06"]
[SourceQuality "1"]

1. f4 b6 2. Nf3 Bb7 3. e3 g6 4. b3 Bg7 5. Nc3 e6 6. Bb2 Ne7 7. d3 d6 8. Qe2 Nd7 9. O-O-O O-O 10. g4 Qc8 11. h4 a5 12. h5 b5 13. hxg6 Nxg6 14. Qh2 h6 15. Bg2 b4 16. Na4 e5 17. g5 Re8 18. gxh6 Bh8 19. h7+ Kf8 20. Qh6+ Bg7 21. Qg5 Qd8 22. Qg4 Nf6 23. Qg5 Nd5 24. fxe5 Qxg5 25. Nxg5 dxe5 26. Bxd5 Bxd5 27. e4 Bc6 28. Nc5 a4 29. Rdf1 Nh8 30. Nge6+ Rxe6 31. Nxe6+ Ke7 32. Nxg7 a3 33. Bxe5 Bb5 34. Nf5+ Ke6 35. Bxh8 Rxh8 36. Nd4+ Ke5 37. Nxb5 c6 38. Rf5+ Ke6 39. Rh6+ Ke7 40. Nd6 Rxh7 41. Rxh7 Kxd6 42. Rhxf7 Ke6 43. R7f6+ Kd7 44. Rg5 Ke7 45. e5 c5 46. Rg7+ Ke8 47. Ra6 Kf8 48. Rb7 1-0

[Event "Scarborough CC Spring Swiss"]
[Site "Toronto CAN"]
[Date "2007.04.19"]
[Round "6"]
[White "Moysoski, Randy"]
[Black "Villalobos, Oscar"]
[Result "1-0"]
[WhiteElo "1916"]
[BlackElo "1528"]
[PlyCount "91"]
[GameId "2160767910709924"]
[EventDate "2007.03.15"]
[EventType "swiss"]
[EventRounds "8"]
[EventCountry "CAN"]
[SourceTitle "EXT 2022"]
[Source "ChessBase"]
[SourceDate "2021.10.06"]
[SourceVersion "1"]
[SourceVersionDate "2021.10.06"]
[SourceQuality "1"]

1. e4 c5 2. Nc3 d6 3. f4 g6 4. Nf3 Bg7 5. d3 Nf6 6. h3 Nc6 7. g3 Qa5 8. Bd2 b5 9. a3 Qb6 10. Bg2 Bb7 11. g4 e6 12. Qe2 Nd4 13. Nxd4 cxd4 14. Nd1 Rc8 15. Rc1 h5 16. g5 Nd7 17. O-O O-O 18. f5 exf5 19. exf5 Rfe8 20. Qf2 Bxg2 21. Kxg2 Ne5 22. Kh2 Rc7 23. Bf4 Rec8 24. Bxe5 Bxe5+ 25. Kg1 b4 26. axb4 Qxb4 27. Qe2 Qa4 28. fxg6 fxg6 29. Qe4 Qe8 30. c4 dxc3 31. bxc3 Re7 32. Qd5+ Kg7 33. d4 Bg3 34. Kg2 h4 35. Nf2 Re2 36. Qb7+ Kh8 37. Qf3 Rb8 38. Kg1 Rbb2 39. Ng4 Rg2+ 40. Kh1 Rge2 41. Qf7 Qxf7 42. Rxf7 Kg8 43. Nh6+ Kh8 44. Ng4 Rec2 45. Rcf1 Rb8 46. Nf6 1-0

[Event "Scarborough CC Spring Swiss"]
[Site "Toronto CAN"]
[Date "2007.04.19"]
[Round "6"]
[White "Philip, Andrew"]
[Black "Mesiti, Silvano"]
[Result "0-1"]
[WhiteElo "1694"]
[BlackElo "1782"]
[PlyCount "54"]
[GameId "2160767910709925"]
[EventDate "2007.03.15"]
[EventType "swiss"]
[EventRounds "8"]
[EventCountry "CAN"]
[SourceTitle "EXT 2022"]
[Source "ChessBase"]
[SourceDate "2021.10.06"]
[SourceVersion "1"]
[SourceVersionDate "2021.10.06"]
[SourceQuality "1"]

1. d4 d5 2. Bg5 Nf6 3. Bxf6 gxf6 4. Nf3 Bf5 5. e3 Nc6 6. Bd3 Bg6 7. O-O Qd6 8. a3 O-O-O 9. Qe2 Bh5 10. c4 dxc4 11. Bxc4 e5 12. dxe5 fxe5 13. Nc3 f5 14. Rfd1 Qf6 15. Rxd8+ Nxd8 16. e4 f4 17. Nd5 Qg7 18. Qd3 Bxf3 19. Qxf3 Nc6 20. Qh3+ Kb8 21. Rc1 Bd6 22. Qe6 Rf8 23. f3 h5 24. Qh3 Rh8 25. Qh4 Nd4 26. Kf2 Bc5 27. b4 Nf5+ 0-1

[Event "Scarborough CC Spring Swiss"]
[Site "Toronto CAN"]
[Date "2007.04.19"]
[Round "6"]
[White "Samaroo, Muneshwar"]
[Black "Blackman, Gord"]
[Result "1-0"]
[WhiteElo "1513"]
[BlackElo "1633"]
[PlyCount "97"]
[GameId "2160767910709926"]
[EventDate "2007.03.15"]
[EventType "swiss"]
[EventRounds "8"]
[EventCountry "CAN"]
[SourceTitle "EXT 2022"]
[Source "ChessBase"]
[SourceDate "2021.10.06"]
[SourceVersion "1"]
[SourceVersionDate "2021.10.06"]
[SourceQuality "1"]

1. e4 g6 2. Nf3 Bg7 3. Bc4 d6 4. h3 Nf6 5. d3 O-O 6. c3 Nbd7 7. O-O c6 8. Be3 b5 9. Bb3 e5 10. Qc1 a5 11. a4 Bb7 12. Na3 Ba6 13. Rd1 Nb6 14. axb5 cxb5 15. Bg5 Qc7 16. Bxf6 Bxf6 17. Nc2 Bb7 18. Ne3 a4 19. Bc2 Rfc8 20. Ng4 Qe7 21. Nxf6+ Qxf6 22. Qh6 Qg7 23. Qe3 Nd7 24. d4 exd4 25. Rxd4 Ne5 26. Rb4 Nc4 27. Qg5 Rc5 28. Qe7 f6 29. Qe6+ Qf7 30. Nd4 Qxe6 31. Nxe6 Re5 32. Nc7 Rc8 33. Nxb5 Rcc5 34. Na3 Nxa3 35. Rxa3 Bc6 36. f3 Kg7 37. Bxa4 Bxa4 38. Raxa4 Rb5 39. c4 Rxb4 40. Rxb4 Kf7 41. Rb7+ Kg8 42. b4 h5 43. Rd7 Re6 44. b5 Kf8 45. b6 d5 46. b7 Rb6 47. c5 Rb1+ 48. Kf2 Ke8 49. c6 1-0

[Event "Scarborough CC Spring Swiss"]
[Site "Toronto CAN"]
[Date "2007.04.19"]
[Round "6"]
[White "Termeer, Ted"]
[Black "Dattani, Dinesh"]
[Result "1-0"]
[WhiteElo "1384"]
[BlackElo "1376"]
[PlyCount "51"]
[GameId "2160767910709927"]
[EventDate "2007.03.15"]
[EventType "swiss"]
[EventRounds "8"]
[EventCountry "CAN"]
[SourceTitle "EXT 2022"]
[Source "ChessBase"]
[SourceDate "2021.10.06"]
[SourceVersion "1"]
[SourceVersionDate "2021.10.06"]
[SourceQuality "1"]

1. d4 d5 2. c4 c6 3. e3 Nf6 4. Nc3 e6 5. a3 Be7 6. b3 Nbd7 7. Nf3 O-O 8. Bb2 Nb6 9. c5 Nbd7 10. b4 Qc7 11. Qc2 e5 12. dxe5 Nxe5 13. Nxe5 Qxe5 14. Ne2 Qg5 15. Ng3 Re8 16. Bd4 Bf8 17. h4 Qh6 18. Bd3 Ng4 19. Nf5 Qe6 20. O-O-O g6 21. Ng3 Bg7 22. Bxg7 Kxg7 23. Rde1 Qf6 24. h5 Nxf2 25. hxg6 Nxh1 26. Nh5+ 1-0